| 000 | 00347nam a2200145Ia 4500 | ||
|---|---|---|---|
| 008 | 150201s1998 xx 000 0 und d | ||
| 082 |
_a610 _bC1998B |
||
| 100 | _aBHARGAVA,SATISH | ||
| 245 | _aCLINICAL SONOGRAPHY | ||
| 250 | _a1ST | ||
| 260 |
_bJAYPEE MEDICAL PUBLISHER _aDELHI _c1998 |
||
| 300 | _a1-387 | ||
| 650 | _aMEDICINE | ||
| 942 |
_2ddc _cBK |
||
| 999 |
_c3425 _d3425 |
||